Symposion Hundert Jahre BGB. Entwicklung des Privatrechts im deutschen und mittel-osteuropäischen Sprachraum seit dem Inkrafttreten des BGB ; 13.-14. Oktober 2000, Budapest
Kaydedildi:
| Yazar: | |
|---|---|
| Materyal Türü: | Kitap |
| Dil: | İngilizce |
| Baskı/Yayın Bilgisi: |
Budapest , Ungarn:
Eötvös Lorand Universtität, Fakultät für Staats- und Rechtswissenschaft,
2006.
|
| Seri Bilgileri: | Bibliotheca iuridica (Budapest, Hungary)., Acta congressuum,
3 |
| Konular: | |
| Etiketler: |
Etiketle
Etiket eklenmemiş, İlk siz ekleyin!
|
MARC
| LEADER | 00000nam a22000007a 4500 | ||
|---|---|---|---|
| 003 | CL-VaPUC | ||
| 005 | 20220822114857.0 | ||
| 008 | 220810t2006 ||||| |||| 00| 0 eng d | ||
| 999 | |c 438256 |d 438254 | ||
| 020 | |a 963-463-815-5 | ||
| 022 | |a 1587-8821 | ||
| 040 | |c Pontificia Universidad Católica de Valparaíso | ||
| 082 | 7 | |a 346.4002638 HAM 2006 |2 22 | |
| 100 | |a Hamza, Gábor |9 594535 |e author | ||
| 245 | |a Symposion Hundert Jahre BGB. |b Entwicklung des Privatrechts im deutschen und mittel-osteuropäischen Sprachraum seit dem Inkrafttreten des BGB ; 13.-14. Oktober 2000, Budapest | ||
| 260 | |a Budapest , Ungarn: |b Eötvös Lorand Universtität, Fakultät für Staats- und Rechtswissenschaft, |c 2006. | ||
| 300 | |a 131 páginas. | ||
| 490 | |a Bibliotheca iuridica (Budapest, Hungary)., Acta congressuum, |v 3 | ||
| 500 | |a c.1 Donación Familia Prof. Alejandro Guzmán Brito. | ||
| 583 | |c 20220810 |k Cristina María Rojas Aguilar | ||
| 650 | |a Derecho civil |z Alemania |x Codificación |x Congresos |9 875365 | ||
| 650 | |a Derecho civil |z Hungría |x Codificación |x Congresos |9 875366 | ||
| 942 | |2 ddc |c BK |n 0 | ||
| 952 | |0 0 |1 0 |2 ddc |4 0 |6 346_400263800000000_HAM_2006 |7 1 |8 C_AGB |9 586136 |a BIBDER |b BIBDER |d 2022-08-10 |e Donación |i 5654076 |o 346.4002638 HAM 2006 |p 5654076 |r 2023-01-25 |t 1 |w 2022-08-10 |y BK_US |k AGB | ||